000 00313 a2200157 4500
001 60329
020 _a
040 _cAnchieta - Pituba
100 _aHerrmann, Fabio
240 1 0 _aPrimeiros Passos
_lpor
245 1 0 _aPrimeiros Passos
300 _a
362 0 _a1985
650 4 _aPsicologia
942 _cBK
999 _c60329
_d60329